00455nam a2200181 a 4500001000400000003000900004008004100013040002800054082000900082100003300091245003000124260002900154300001400183490001900197650002800216942001200244999001700256372CO-ViMGA141112s2004 ck r 000 u spa d aCO-ViMGAbspacCO-ViMGA04aNOSe1 aNostlinger, Christine91109110aLas enfermedades de Franz aBogota : bNorma, c1992 a71 p : il aTorre de papel14aCUENTOS INFANTILES9487 2ddccBK c12615d12615